000 00545nam a2200181Ia 4500
001 47704
008 140429s9999 xx 000 0 und d
020 _a964-4224175
040 _cPK-LaUMT
082 _aRHC 891.55
_bHAS-D
100 _aHassam Amuse
245 _aDanishnaamah adab farsi [An Encyclopedia of Persian literature]
_bPercian literature in Central Asia
_cHassam Amuse
260 _aTehran,Iran:
_bKitaab Khaanah Milli,
_c1959
300 _a1031 p.
546 _aPersian
650 _aEncyclopedia-Perisan literature
942 _cBK
999 _c45607
_d45607